Bones and distances : poems (Record no. 844)
[ view plain ]
| 000 -LEADER | |
|---|---|
| fixed length control field | 00257nam a2200097 4500 |
| 082 ## - DEWEY DECIMAL CLASSIFICATION NUMBER | |
| Classification number | In |
| Item number | 821.2 RAY |
| 100 ## - MAIN ENTRY--PERSONAL NAME | |
| Personal name | Rayaprol, Srinivas |
| 245 ## - TITLE STATEMENT | |
| Title | Bones and distances : poems |
| Statement of responsibility, etc. | by Srinivas Rayaprol |
| 260 ## - PUBLICATION, DISTRIBUTION, ETC. | |
| Place of publication, distribution, etc. | Calcutta |
| Name of publisher, distributor, etc. | P. Lal |
| Date of publication, distribution, etc. | c 1968 |
| 300 ## - PHYSICAL DESCRIPTION | |
| Extent | 32p. ; 22cm |
| Withdrawn status | Lost status | Damaged status | Not for loan | Collection code | Home library | Current library | Date acquired | Total Checkouts | Full call number | Barcode | Date last seen | Price effective from | Koha item type |
|---|---|---|---|---|---|---|---|---|---|---|---|---|---|
| ACADEMIC STAFF COLLEGE | North Eastern Hill University | North Eastern Hill University | 18/11/2011 | In 821.2 RAY | 3641 | 18/11/2011 | 18/11/2011 | Books | |||||
| ENGLISH | North Eastern Hill University | North Eastern Hill University | 18/11/2011 | In 821.2 RAY | A1905 | 18/11/2011 | 18/11/2011 | Books |
